000 01008nam a2200313 c 4500
001 BV006526542
003 DE-604
005 20210714155555.0
007 t
008 930210s1985 ab|| |||| 00||| eng d
020 _a0882549944
_90-88254-994-4
035 _a(OCoLC)12157785
035 _a(DE-599)BVBBV006526542
040 _aDE-604
_bger
_cRU-10907106
041 0 _aeng
100 1 _aZaloga, Steve
_d1952-
_eVerfasser
_0(DE-588)13032843X
_4aut
245 1 4 _aThe Polish Campaign 1939
_cby Steven Zaloga & Victor Madej
264 1 _aNew York
_bHippocrene Books
_c1985
300 _a195 Seiten
_bIllustrationen, Karten
336 _aText
_btxt
_2rdacontent
337 _aohne Hilfsmittel zu benutzen
_bn
_2rdamedia
338 _aBand
_bnc
_2rdacarrier
650 4 _aWeltkrieg (1939-1945)
650 4 _aWorld War, 1939-1945
_xCampaigns
_zPoland
650 0 7 _aPolenfeldzug
_g1939
_0(DE-588)4175002-0
_2gnd
_9rswk-swf
651 4 _aPolen
700 1 _aMadej, Victor
_eVerfasser
_4aut
942 _2z
_cMG
999 _c57113
_d57113